Odklad platenia dane a povolenie splátok
V zmysle daňovej legislatívy platí, že na žiadosť daňového subjektu daňový úrad môže povoliť odklad platenia dane alebo jej zaplatenie v splátkach, ale s výnimkou preddavkov na daň. Limitujúce podmienky pre daňovníka. Vzor žiadosti o odklad dane. Vzor povinnej prílohy k žiadosti o odklad platby dane...
Na minha lista:
| Autor principal: | |
|---|---|
| Formato: | Capítulo de Livro |
| Idioma: | eslovaco |
| Assuntos: | |
| Tags: |
Sem tags, seja o primeiro a adicionar uma tag!
|
MARC
| LEADER | 00000naa a2200000 4500 | ||
|---|---|---|---|
| 001 | r047141 | ||
| 005 | 20230711120345.0 | ||
| 041 | 0 | |a slo | |
| 044 | |a SK | ||
| 245 | 1 | 0 | |a Odklad platenia dane a povolenie splátok |c Emil Burák |
| 520 | |a V zmysle daňovej legislatívy platí, že na žiadosť daňového subjektu daňový úrad môže povoliť odklad platenia dane alebo jej zaplatenie v splátkach, ale s výnimkou preddavkov na daň. Limitujúce podmienky pre daňovníka. Vzor žiadosti o odklad dane. Vzor povinnej prílohy k žiadosti o odklad platby dane. | ||
| 610 | 2 | 0 | |a dane |
| 610 | 2 | 0 | |a splátky |
| 610 | 2 | 0 | |a správa daňová |
| 610 | 2 | 0 | |a daňovníci |
| 610 | 2 | 0 | |a legislatíva |
| 100 | 1 | |a Burák, Emil | |